| 000 | 00777nam a2200229 a 4500 | ||
|---|---|---|---|
| 001 | 000004638 | ||
| 005 | 20200929151456.0 | ||
| 008 | 090724s2007 gw 000 0 eng d | ||
| 020 | _a9783939413011 | ||
| 040 |
_aDO-SdBNP _beng _cBNPHU |
||
| 082 |
_axxxx _bK639c |
||
| 100 | 1 |
_aKleifeld, Helge _913520 |
|
| 245 | 1 | 0 |
_aConservation and mass proces : _bpractical mass de-acidification / _cHelge Kleifeld ; traducción Edward Cross. |
| 260 |
_aEssen, Alemania : _bLVR, _c2007. |
||
| 300 |
_a84 p. ; _c21 cm. |
||
| 490 | 1 |
_aArchivbooklets _vv. 36 |
|
| 504 | _aIncluye referencias bibliográficas y notas al pie de las páginas | ||
| 504 | _aIncluye bibliografías (p. 83-84) | ||
| 700 | 1 |
_aCross, Edward, _etr. _913521 |
|
| 830 | 0 |
_aArchivbooklets _nno. 36 _913522 |
|
| 049 | _aBNPD | ||
| 999 |
_c4445 _d4445 |
||